00857 2200301 4500001002100000005001500021007000300036008004100039020002200080035002000102040001700122041000800139082000800147084001400155090001900169100001400188245010600202250000900308260004000317300006100357600002200418700000900440850001000449990002400459990002400483990002400507990002400531INLIS00000000000223920260603091330ta260603 0  a978-979-29-6111-9 a0010-0220000090 aSBPUPADbind0 aind a030 a030 WOR w a030 WOR w T1-10 aWorldbook1 aWonderful World Tiga :bEnsiklopedia Tempat - Tempat Indah Dan Menakjubkan /cWorldbook, Editor :Maya aEd.1 aYogyakarta :bCv Andi Offset,c2017 avi, 270 hlm. :bilus. ;c23 cmeBibliografi, hlm 265-268 4aEnsiklopedia Umum0 aMaya aPUPAD a32.886/DAK/DPK/2019 a32.887/DAK/DPK/2019 a32.888/DAK/DPK/2019 a32.889/DAK/DPK/2019